[Event "ICS rated blitz match"]
[Site "207.99.83.227"]
[Date "1999.05.02"]
[Round "?"]
[White "Hossa"]
[Black "matar"]
[Result "1-0"]
[WhiteElo "2528"]
[BlackElo "2268"]
[PlyCount "75"]

1. b3 d5 2. Nf3 c5 3. e3 Nh6 4. Bb5+ Bd7 5. Be2 Nc6 6. d4 e6 7. O-O Bd6 8. Ba3
Qe7 9. c4 dxc4 10. Bxc4 O-O 11. dxc5 Bc7 12. Nbd2 e5 13. Qc2 Rae8 14. Ne4 Kh8
15. Nd6 e4 16. Nxe8 Rxe8 17. Nd4 Bxh2+ 18. Kxh2 Qh4+ 19. Kg1 Ng4 20. Rfd1 Qh2+
21. Kf1 Qh1+ 22. Ke2 Qxg2 23. Ke1 Qg1+ 24. Kd2 Qxf2+ 25. Kc1 Qxe3+ 26. Qd2 Nxd4
27. Qxe3 Nxe3 28. Rxd4 Nxc4 29. Rxc4 e3 30. Rf4 f5 31. Kc2 g5 32. Bb2+ Kg8 33.
Rg1 h6 34. Rf3 Kf7 35. Rd1 Re7 36. Rh3 Kg6 37. Rd6+ Be6 38. Rxe3 {matar resigns
} 1-0

[Event "ICS rated blitz match"]
[Site "207.99.83.227"]
[Date "1999.05.02"]
[Round "?"]
[White "Hossa"]
[Black "RedBear"]
[Result "0-1"]
[WhiteElo "2540"]
[BlackElo "2485"]
[PlyCount "91"]

1. b3 e5 2. Bb2 Nc6 3. e3 d5 4. Nc3 Nf6 5. Bb5 Bd7 6. Nge2 Bb4 7. O-O O-O 8. a3
Bd6 9. Ba4 Ne7 10. Nb5 a6 11. Nxd6 cxd6 12. Bxd7 Nxd7 13. f4 Rc8 14. fxe5 dxe5
15. Nc3 Nf6 16. Qe2 d4 17. exd4 Qxd4+ 18. Kh1 Rfd8 19. Rad1 Ng6 20. Qf3 Rc6 21.
Qg3 Nf4 22. Qg5 h6 23. Qg3 Ne4 24. Qe1 f5 25. Na4 Qd5 26. c4 Qe6 27. d4 Qg6 28.
g3 Qg4 29. d5 Qh3 30. Rg1 Nxd5 31. Qf1 Qh5 32. Rxd5 Rxd5 33. cxd5 Rc2 34. Rg2
Nxg3+ 35. Kg1 Nxf1 36. Rxc2 Ne3 37. Rc8+ Kh7 38. Kf2 f4 39. Bxe5 Qxh2+ 40. Ke1
Qg1+ 41. Kd2 Qd1+ 42. Kc3 Qc2+ 43. Kb4 Nxd5+ 44. Ka5 Qxc8 45. Bd4 Qc6 46. Nc3 {
Hossa resigns} 0-1

[Event "ICS Rated blitz match"]
[Site "207.99.83.227"]
[Date "1999.05.02"]
[Round "?"]
[White "RedBear"]
[Black "Hossa"]
[Result "0-1"]
[WhiteElo "2504"]
[BlackElo "2521"]
[PlyCount "85"]

1. e4 d6 2. d4 Nf6 3. Nc3 g6 4. f4 Bg7 5. Nf3 O-O 6. Bd3 Nc6 7. O-O Bd7 8. e5
Ng4 9. h3 Nh6 10. g4 dxe5 11. fxe5 Nxg4 12. hxg4 Bxg4 13. Be4 Bxf3 14. Bxf3
Nxd4 15. Bxb7 Rb8 16. Bd5 c5 17. Qg4 Nxc2 18. Rb1 Bxe5 19. Qe4 Bxc3 20. Bh6
Bd4+ 21. Kh1 Ne3 22. Bxe3 Bxe3 23. Bxf7+ Rxf7 24. Rxf7 Kxf7 25. Qxe3 Qd5+ 26.
Kg1 Qd4 27. Rf1+ Ke8 28. Qxd4 cxd4 29. b3 d3 30. Rd1 Rd8 31. Kf2 g5 32. Ke3 h5
33. Rxd3 Rxd3+ 34. Kxd3 g4 35. Ke3 e5 36. b4 h4 37. a4 h3 38. Kf2 h2 39. Kg2 g3
40. Kh1 e4 41. Kg2 e3 42. Kf3 h1=Q+ 43. Kxe3 {RedBear resigns} 0-1

[Event "ICS rated blitz match"]
[Site "207.99.83.227"]
[Date "1999.05.02"]
[Round "?"]
[White "Hossa"]
[Black "SuperChicken"]
[Result "0-1"]
[WhiteElo "2536"]
[BlackElo "2714"]
[PlyCount "127"]

1. d4 d5 2. c4 dxc4 3. Nf3 f5 4. Na3 c3 5. bxc3 Nf6 6. e3 c6 7. Bd3 Ne4 8. Bxe4
fxe4 9. Ne5 Qd6 10. Nac4 Qd5 11. O-O Bf5 12. Qb3 b6 13. Qa3 e6 14. Qb3 b5 15.
Na5 Qxb3 16. axb3 c5 17. Nac6 Nxc6 18. Nxc6 a6 19. Bb2 Bg4 20. Rfe1 Bd6 21.
dxc5 Bxc5 22. Ba3 Bb6 23. Bd6 Kd7 24. Ne5+ Kxd6 25. Nxg4 e5 26. Rad1+ Ke6 27.
h3 a5 28. c4 h5 29. Nh2 bxc4 30. bxc4 Rhc8 31. Rc1 Rc5 32. Nf1 Rac8 33. Rb1 Bd8
34. Nd2 a4 35. Red1 Bc7 36. Rb4 Rd8 37. Rxa4 Ra5 38. Rb4 Ra2 39. Rb7 Ba5 40.
Ra7 Raxd2 41. Rxd2 Bxd2 42. Rxg7 Rc8 43. Rh7 Rxc4 44. Rxh5 Rc1+ 45. Kh2 Rf1 46.
Rh6+ Kf7 47. Rh7+ Kg6 48. Rb7 Rxf2 49. Rb3 Be1 50. Rb6+ Kf5 51. Kh1 Bd2 52. Rh6
Bxe3 53. Rh5+ Kg6 54. g4 Bf4 55. Rh8 e3 56. Rg8+ Kh7 57. Ra8 e2 58. Ra7+ Kh6
59. Ra6+ Kg5 60. Ra1 Rf1+ 61. Kg2 Rxa1 62. h4+ Kxg4 63. h5 e1=Q 64. h6 {
Hossa resigns} 0-1

[Event "ICS rated blitz match"]
[Site "207.99.83.227"]
[Date "1999.05.02"]
[Round "?"]
[White "Banane"]
[Black "Hossa"]
[Result "0-1"]
[WhiteElo "2145"]
[BlackElo "2541"]
[PlyCount "112"]

1. d4 d5 2. Bg5 Nf6 3. Nf3 e6 4. e3 Nbd7 5. Bd3 Bd6 6. Nbd2 O-O 7. c3 e5 8.
dxe5 Nxe5 9. Nxe5 Bxe5 10. Nf3 Bd6 11. O-O h6 12. Bh4 c5 13. h3 Be6 14. Bxf6
Qxf6 15. Nd2 Qh4 16. Nf3 Qh5 17. Nh2 Bxh2+ 18. Kxh2 Qh4 19. Qf3 Rae8 20. Qg3
Qxg3+ 21. Kxg3 f5 22. Bb5 Re7 23. Kf3 Ref7 24. g3 f4 25. exf4 Bxh3 26. Rh1 Bd7
27. Bxd7 Rxd7 28. Rh5 b6 29. Rd1 d4 30. cxd4 cxd4 31. Rd2 Kh7 32. Rh1 Kg6 33.
Rhd1 Rfd8 34. Ke4 Rc7 35. f3 Re7+ 36. Kd3 Re3+ 37. Kc2 Rxf3 38. Rxd4 Rxd4 39.
Rxd4 Rxg3 40. Rd7 Rg4 41. Rxa7 Rxf4 42. Ra6 Rf6 43. a4 h5 44. a5 bxa5 45. Rxa5
Rb6 46. Kc3 Kh6 47. b4 g5 48. Kc4 g4 49. b5 g3 50. Ra6 g2 51. Rxb6+ Kg7 52.
Rb7+ Kf6 53. Rb6+ Kf5 54. Rb8 g1=Q 55. Rf8+ Ke6 56. Re8+ 56... Kd7 {
Banane resigns} 0-1

[Event "ICS rated blitz match"]
[Site "207.99.83.227"]
[Date "1999.05.02"]
[Round "?"]
[White "Hossa"]
[Black "guchess"]
[Result "1/2-1/2"]
[WhiteElo "2517"]
[BlackElo "2196"]
[PlyCount "119"]

1. d4 c5 2. dxc5 Na6 3. Qd4 e6 4. e4 Nxc5 5. b4 Na6 6. Bxa6 bxa6 7. Nf3 Qb6 8.
Ba3 Bb7 9. Qd3 Rc8 10. Nbd2 Qc6 11. c4 Qd6 12. Qxd6 Bxd6 13. O-O Be7 14. Bb2
Nf6 15. Bxf6 Bxf6 16. e5 Be7 17. c5 O-O 18. Nc4 f6 19. Rad1 Bc6 20. exf6 Bxf6
21. Nfe5 Bb5 22. a4 Bxa4 23. Nxd7 Bxd7 24. Rxd7 Rb8 25. Rxa7 Rxb4 26. Nd6 Bd4
27. Ne4 Rc4 28. Rxa6 Bxc5 29. Nxc5 Rxc5 30. Rxe6 Rc2 31. Re7 Rd8 32. g3 h6 33.
Kg2 Rdd2 34. h4 Rb2 35. Kf3 Ra2 36. g4 Rab2 37. Kg3 Ra2 38. h5 Rab2 39. f4 Rg2+
40. Kf3 Rh2 41. Re8+ Kf7 42. Ree1 Rh3+ 43. Ke4 Rb4+ 44. Ke5 Rb5+ 45. Kd4 Rb4+
46. Kc5 Ra4 47. Kb5 Rd4 48. Rd1 Rxd1 49. Rxd1 Rg3 50. Rd7+ Kf8 51. Rd5 Rxg4 52.
Rf5+ Ke7 53. Kc4 Ke6 54. Re5+ Kf6 55. Rd5 Rxf4+ 56. Kd3 Rf5 57. Rd6+ Kg5 58.
Rd7 Kf6 59. Rd6+ Kg5 60. Rd7 {Game drawn by mutual agreement} 1/2-1/2

[Event "ICS rated blitz match"]
[Site "207.99.83.227"]
[Date "1999.05.02"]
[Round "?"]
[White "razzle"]
[Black "Hossa"]
[Result "1-0"]
[WhiteElo "2817"]
[BlackElo "2505"]
[PlyCount "72"]

1. e4 c5 2. Nf3 e6 3. d4 cxd4 4. Nxd4 a6 5. Nc3 b5 6. Bd3 Bb7 7. O-O Qc7 8. Re1
Nc6 9. Nxc6 dxc6 10. e5 O-O-O 11. Bg5 Be7 12. Qg4 h5 13. Qf4 f6 14. exf6 gxf6
15. Qxc7+ Kxc7 16. Bf4+ Bd6 17. Bxd6+ Rxd6 18. a4 Kc8 19. Rxe6 Rxe6 20. Bf5 Nh6
21. Bxe6+ Kc7 22. Ne4 Re8 23. Nc5 Rd8 24. Kf1 Rd4 25. axb5 axb5 26. c3 Rd2 27.
Ra7 Rxb2 28. Rxb7+ Kd6 29. Rh7 Kxc5 30. Rxh6 Rc2 31. Rxf6 Rxc3 32. Rh6 Kd6 33.
Bf5+ Kd5 34. Rxh5 Kd6 35. g4 Ke5 36. h4 36... b4 {Hossa resigns} 1-0

[Event "ICS rated blitz match"]
[Site "207.99.83.227"]
[Date "1999.05.02"]
[Round "?"]
[White "Hossa"]
[Black "Secret"]
[Result "0-1"]
[WhiteElo "2500"]
[BlackElo "2840"]
[PlyCount "97"]

1. e4 c5 2. Nf3 d6 3. Nc3 Nc6 4. d4 cxd4 5. Nxd4 Nf6 6. Bb5 Bd7 7. O-O g6 8.
Nxc6 bxc6 9. Be2 Bg7 10. Bg5 O-O 11. Rb1 Qa5 12. Qd2 Qe5 13. Qe3 Ng4 14. Bxg4
Bxg4 15. Bh6 Bxh6 16. Qxh6 Rfb8 17. Qh4 Bc8 18. f4 Qd4+ 19. Rf2 Ba6 20. h3 e6
21. Qg5 Bc4 22. a4 Qe3 23. Qh4 d5 24. exd5 cxd5 25. Kh2 Rb4 26. Rf3 Qd2 27. Rf2
Qd4 28. Qg3 Re8 29. b3 Ba6 30. Kg1 Rc8 31. Na2 Rb7 32. Kh1 Rbc7 33. c3 Qe4 34.
Rd1 Rc6 35. Qg5 Qe3 36. Rb2 Bd3 37. Qh4 Be4 38. Re1 Qc5 39. Ree2 Qa3 40. Qh6
Rb6 41. b4 Qxa4 42. Re1 a5 43. h4 axb4 44. Nxb4 Rxc3 45. Nxd5 exd5 46. Rd2 Rh3+
47. Kg1 Qa7 48. Kf1 Rh1+ 49. Ke2 {Hossa resigns} 0-1

[Event "ICS rated blitz match"]
[Site "207.99.83.227"]
[Date "1999.05.02"]
[Round "?"]
[White "Hossa"]
[Black "j724"]
[Result "1/2-1/2"]
[WhiteElo "2496"]
[BlackElo "2180"]
[PlyCount "103"]

1. d4 Nf6 2. c4 c5 3. d5 d6 4. Nc3 g6 5. e4 Bg7 6. Bd3 O-O 7. Nf3 e6 8. O-O
exd5 9. cxd5 Bg4 10. h3 Bxf3 11. Qxf3 a6 12. Qg3 Nh5 13. Qg4 Nd7 14. f4 b5 15.
Rf3 c4 16. Bc2 Re8 17. Rf1 Nc5 18. e5 dxe5 19. fxe5 Bxe5 20. Qf3 Bd4+ 21. Kh1
Ra7 22. g4 Ng7 23. a4 b4 24. Ne2 Be5 25. Be3 Qd6 26. Rab1 b3 27. Be4 Rc7 28.
Bxc5 Qxc5 29. Nc3 Rf8 30. Rbc1 Ne8 31. Qg2 Nd6 32. Bf3 Qb4 33. Qd2 f5 34. Qe3
Re8 35. Qh6 Bg7 36. Qf4 Be5 37. Qh6 Bg7 38. Qf4 Rce7 39. a5 Rf8 40. gxf5 Rxf5
41. Qh2 Ref7 42. Bg2 Rxf1+ 43. Rxf1 Rxf1+ 44. Bxf1 Nf5 45. Qc7 Bxc3 46. bxc3
Qxc3 47. Qc8+ Kg7 48. Qc7+ Kh6 49. Qf4+ Kg7 50. Qc7+ Kh6 51. Qf4+ Kg7 52. Qc7+
{Game drawn by repetition} 1/2-1/2

[Event "ICS rated blitz match"]
[Site "207.99.83.227"]
[Date "1999.05.02"]
[Round "?"]
[White "Hossa"]
[Black "SuperChicken"]
[Result "0-1"]
[WhiteElo "2489"]
[BlackElo "2727"]
[PlyCount "141"]

1. d4 d5 2. Bf4 Na6 3. e3 Nf6 4. Bxa6 bxa6 5. Nf3 e6 6. O-O Be7 7. Ne5 O-O 8.
c4 dxc4 9. Nc6 Qd7 10. Qf3 Nd5 11. Nxe7+ Qxe7 12. Nc3 Bb7 13. e4 Nb4 14. Qg3
Rfc8 15. Rab1 Nd3 16. Be3 Rab8 17. Rfd1 a5 18. Qg4 Ba6 19. Rd2 c5 20. dxc5 Nxc5
21. Bd4 Qf8 22. Qg5 Rc6 23. Qg3 Ra8 24. Bxc5 Rxc5 25. Rbd1 Bb7 26. Rd6 Rb8 27.
R1d2 a6 28. e5 Re8 29. Qe3 Rec8 30. Qf4 Qe8 31. Qg3 Rb8 32. Qe3 Rbc8 33. Rd1
R5c6 34. R6d2 Rc5 35. Kh1 R5c7 36. Qg5 h6 37. Qg3 Qe7 38. Rd4 Rb8 39. Rg4 Qf8
40. Rdd4 Bd5 41. Rxg7+ Qxg7 42. Rg4 Qxg4 43. Qxg4+ Kf8 44. Qf4 Rxb2 45. Qxh6+
Ke8 46. Qe3 Rcb7 47. h4 Rc2 48. h5 Kf8 49. Qc5+ Kg7 50. Qxa5 Rxf2 51. Qxa6 Rbb2
52. Nxd5 exd5 53. a4 Rbd2 54. Kh2 c3 55. Kh3 c2 56. h6+ Kh7 57. Qc8 Kxh6 58. e6
fxe6 59. Qxe6+ Kg5 60. Qe7+ Kf4 61. Qd6+ Ke4 62. Qe7+ Kd3 63. Qa3+ Ke2 64. Qb2
Rd3+ 65. g3 Kd1 66. Qb6 Rff3 67. Qg1+ Kd2 68. Kh2 c1=Q 69. Qb6 Ke1 70. Qg1+ Rf1
71. Qb6 {Hossa resigns} 0-1

[Event "ICS rated blitz match"]
[Site "207.99.83.227"]
[Date "1999.05.02"]
[Round "?"]
[White "xypher"]
[Black "Hossa"]
[Result "1-0"]
[WhiteElo "2734"]
[BlackElo "2483"]
[PlyCount "104"]

1. e4 c5 2. Nf3 d6 3. d4 cxd4 4. Nxd4 Nf6 5. Nc3 g6 6. Be3 Bg7 7. Bb5+ Bd7 8.
O-O Bxb5 9. Ndxb5 Nc6 10. Nd5 O-O 11. Nxf6+ Bxf6 12. c3 Qa5 13. a4 Bg7 14. Qd5
a6 15. b4 Qd8 16. Nd4 e6 17. Nxc6 exd5 18. Nxd8 Rfxd8 19. exd5 Bxc3 20. Rab1 b5
21. Rfc1 Rac8 22. axb5 axb5 23. Rb3 Bf6 24. Rc6 Rxc6 25. dxc6 Rc8 26. Ra3 Rxc6
27. Ra5 Rc2 28. Bh6 Rc8 29. Rxb5 Ra8 30. Kf1 Bc3 31. Rb7 d5 32. b5 Rd8 33. Ke2
Be5 34. b6 Rb8 35. Rxb8+ Bxb8 36. Kd3 f6 37. Kd4 Kf7 38. Kxd5 g5 39. g3 Ke7 40.
Kc6 Ke6 41. Kb7 Be5 42. f4 Bd4 43. fxg5 Bg1 44. gxf6 Bxh2 45. Kc8 Bxg3 46. b7
Kf7 47. Be3 h5 48. Bb6 Be5 49. Bc7 Bxf6 50. b8=Q h4 51. Qb3+ Kg7 52. Qe6 52...
h3 {Hossa resigns} 1-0

[Event "ICS rated blitz match"]
[Site "207.99.83.227"]
[Date "1999.05.02"]
[Round "?"]
[White "Hossa"]
[Black "StrongBach"]
[Result "1-0"]
[WhiteElo "2477"]
[BlackElo "1849"]
[PlyCount "51"]

1. e4 e5 2. Nf3 Qf6 3. Nc3 Bd6 4. Be2 Ne7 5. O-O O-O 6. d4 exd4 7. Bg5 Qe6 8.
Nxd4 Qe5 9. Nf3 Qc5 10. e5 Bxe5 11. Ne4 Qb4 12. Nxe5 Qxe4 13. Bxe7 Re8 14. Re1
Qxe5 15. Bd3 Qxb2 16. Ba3 Rxe1+ 17. Qxe1 Qxa3 18. Qe8+ Qf8 19. Bxh7+ Kxh7 20.
Qxf8 Nc6 21. Re1 b5 22. Re8 Nb4 23. Qxf7 Kh6 24. Rh8+ Kg5 25. h4+ Kg4 26. Qf3#
{StrongBach checkmated} 1-0

[Event "ICS Rated blitz match"]
[Site "207.99.83.227"]
[Date "1999.05.02"]
[Round "?"]
[White "Hossa"]
[Black "xypher"]
[Result "0-1"]
[WhiteElo "2478"]
[BlackElo "2740"]
[PlyCount "92"]

1. e4 e5 2. Nf3 Nc6 3. Bb5 a6 4. Ba4 Nf6 5. Bxc6 dxc6 6. d3 Bc5 7. O-O Bg4 8.
Be3 Bxe3 9. fxe3 Qd6 10. Nbd2 O-O 11. Nc4 Qc5 12. b4 Qxb4 13. Rb1 Qc5 14. Rxb7
Nxe4 15. Rxc7 Ng5 16. Ncxe5 Nxf3+ 17. Nxf3 Rae8 18. Rb7 Rxe3 19. d4 Qd5 20. Qd2
Re4 21. c3 c5 22. Qb2 cxd4 23. Nxd4 Qc5 24. Qf2 Qd5 25. Ra7 Qc4 26. h3 Bc8 27.
a3 Ree8 28. Qg3 Qc5 29. Qc7 Qh5 30. c4 Rd8 31. Qb6 Qg5 32. Rf3 Qh4 33. Nc6 Rd1+
34. Kh2 Bd7 35. c5 Qe1 36. Rc7 Qg1+ 37. Kg3 Rd2 38. Kh4 Qe1+ 39. g3 Qe4+ 40. g4
Qe1+ 41. Rg3 Rd3 42. Kh5 Bxg4+ 43. hxg4 g6+ 44. Kg5 f6+ 45. Kh6 Qh1+ 46. Rh3
46... Rxh3# {Hossa checkmated} 0-1

[Event "ICS rated blitz match"]
[Site "207.99.83.227"]
[Date "1999.05.02"]
[Round "?"]
[White "Varguz"]
[Black "Hossa"]
[Result "1-0"]
[WhiteElo "2796"]
[BlackElo "2472"]
[PlyCount "175"]

1. d4 d5 2. c4 dxc4 3. e4 e5 4. Nf3 exd4 5. Bxc4 Nc6 6. O-O Be6 7. Bxe6 fxe6 8.
Qb3 Qc8 9. Bf4 Nge7 10. Ng5 Nd8 11. Qa4+ Nec6 12. Nf3 Qd7 13. Bg3 Nf7 14. Nbd2
Be7 15. Nc4 O-O 16. Na5 Nfd8 17. Rfd1 Bf6 18. Nb3 e5 19. Nc5 Qc8 20. Rac1 Kh8
21. b4 a6 22. h3 Ra7 23. a3 Rg8 24. Nd3 Qe6 25. Nc5 Qf7 26. Nd3 Qe7 27. Rc5 Nf7
28. Rd5 Rf8 29. Qc2 Qe8 30. Rc1 a5 31. bxa5 Qe7 32. Qb2 Qe6 33. Nc5 Qc8 34. a6
bxa6 35. Nd3 Ne7 36. Rdc5 Qa8 37. Bxe5 Nxe5 38. Nfxe5 Bxe5 39. Rxe5 Nc6 40. Rd5
Rb7 41. Qe2 Qe8 42. Nc5 Rb5 43. f3 Rf6 44. Nxa6 Rxd5 45. Nxc7 Qe7 46. Nxd5 Qxa3
47. Qd2 Rg6 48. Nf4 Rh6 49. Nd3 Re6 50. Nb4 Qa5 51. Qxd4 Ne7 52. Ra1 Qc7 53.
Ra8+ Nc8 54. Nd5 Qd7 55. Qc5 Re8 56. Qc7 Qxc7 57. Nxc7 Rg8 58. Nd5 h6 59. e5
Kh7 60. f4 Rd8 61. e6 Rxd5 62. Rxc8 Rd1+ 63. Kf2 Rd2+ 64. Kf3 Rd3+ 65. Ke2 Rd4
66. f5 Rd5 67. g4 Re5+ 68. Kd3 Re1 69. Re8 Rd1+ 70. Ke2 Rd5 71. e7 Re5+ 72. Kd3
Re1 73. h4 Re5 74. g5 hxg5 75. hxg5 Rxf5 76. Rf8 Re5 77. e8=Q Rxe8 78. Rxe8 g6
79. Kd4 Kg7 80. Re7+ Kf8 81. Rc7 Ke8 82. Ke5 Kd8 83. Kd6 Ke8 84. Ke6 Kf8 85.
Rb7 Kg8 86. Kf6 Kh8 87. Kxg6 Kg8 88. Rb8# {Hossa checkmated} 1-0

[Event "ICS rated blitz match"]
[Site "207.99.83.227"]
[Date "1999.05.02"]
[Round "?"]
[White "xypher"]
[Black "Hossa"]
[Result "1-0"]
[WhiteElo "2746"]
[BlackElo "2468"]
[PlyCount "98"]

1. e4 e5 2. Nf3 Nc6 3. Bb5 a6 4. Ba4 Nf6 5. O-O Be7 6. Re1 b5 7. Bb3 d6 8. c3
O-O 9. h3 Be6 10. d4 exd4 11. Bxe6 fxe6 12. cxd4 Qd7 13. d5 Ne5 14. Ng5 exd5
15. exd5 c5 16. Ne6 Rfe8 17. Nc3 c4 18. Qd4 Nd3 19. Re3 Kh8 20. Rb1 Qa7 21.
Qxa7 Rxa7 22. a3 Bf8 23. Bd2 Rf7 24. b3 Nd7 25. a4 Rb8 26. f3 bxa4 27. bxc4
Rxb1+ 28. Nxb1 Nb2 29. Na3 Ne5 30. Re4 Ned3 31. Kf1 g6 32. Nxf8 Rxf8 33. Bg5
Ne5 34. Be7 Nxf3 35. Re2 Nd2+ 36. Ke1 Nf3+ 37. gxf3 Rxf3 38. Rxb2 Rxa3 39. Bxd6
Re3+ 40. Kd2 Re4 41. Kd3 Rh4 42. Be5+ Kg8 43. d6 Rxh3+ 44. Ke4 Rh4+ 45. Kd5 g5
46. d7 Kf7 47. d8=Q Rd4+ 48. Bxd4 a5 49. Rb7+ 49... Kg6 {Hossa resigns} 1-0

[Event "ICS rated blitz match"]
[Site "207.99.83.227"]
[Date "1999.05.02"]
[Round "?"]
[White "Hossa"]
[Black "xypher"]
[Result "0-1"]
[WhiteElo "2463"]
[BlackElo "2751"]
[PlyCount "109"]

1. e4 c5 2. Nf3 e6 3. d4 cxd4 4. Nxd4 a6 5. Nc3 Qc7 6. Bd3 Nc6 7. Be3 Nf6 8.
O-O Ne5 9. Be2 Bb4 10. f4 Nc4 11. Bxc4 Bxc3 12. e5 Bxb2 13. Rb1 Qxc4 14. Rxb2
Nd5 15. Qf3 O-O 16. f5 f6 17. fxe6 dxe6 18. Nb3 Nc3 19. Bb6 Na4 20. Na5 Qd5 21.
Qxd5 exd5 22. Rb4 Nxb6 23. Rxb6 fxe5 24. Rxf8+ Kxf8 25. Rd6 d4 26. Nc4 Ke7 27.
Rb6 e4 28. Nd2 Bf5 29. Nb3 Rd8 30. Rxb7+ Kf6 31. Rb6+ Ke5 32. Na5 Re8 33. Rxa6
e3 34. Nc6+ Kd5 35. Kf1 Be4 36. Nb4+ Kc4 37. a3 Rf8+ 38. Ke1 Rf2 39. Ra7 Bxc2
40. Re7 Rxg2 41. Kf1 Rd2 42. Rxg7 d3 43. Kg1 Rd1+ 44. Kg2 e2 45. Rc7+ Kb3 46.
Rb7 Rg1+ 47. Kf3 Rf1+ 48. Kg4 d2 49. Nd5+ Kxa3 50. Ra7+ Kb2 51. Rb7+ Kc1 52.
Nc3 d1=Q 53. Re7 e1=Q+ 54. Nxd1 Bxd1+ 55. Kh3 {Hossa resigns} 0-1

[Event "ICS rated blitz match"]
[Site "207.99.83.227"]
[Date "1999.05.02"]
[Round "?"]
[White "Hossa"]
[Black "newfisher"]
[Result "1-0"]
[WhiteElo "2458"]
[BlackElo "2154"]
[PlyCount "71"]

1. Nf3 d5 2. c4 Nf6 3. cxd5 Nxd5 4. e4 Nf6 5. Nc3 c5 6. e5 Nd5 7. Bb5+ Bd7 8.
Bc4 Bc6 9. O-O e6 10. d4 cxd4 11. Qxd4 Nxc3 12. Qxd8+ Kxd8 13. Ng5 Ke8 14. bxc3
Be7 15. Bf4 Nd7 16. Rfe1 Nb6 17. Bb3 h6 18. Ne4 Bxe4 19. Rxe4 Rc8 20. c4 Kd7
21. a4 a5 22. Be3 Bc5 23. Rd1+ Kc6 24. Bd2 Bb4 25. Bxb4 axb4 26. a5 Na8 27. Rf4
Rc7 28. Ba4+ Kc5 29. Bd7 Rf8 30. Bxe6 b3 31. Rd5+ Kb4 32. Rb5+ Ka3 33. Bd5 b2
34. Rf3+ Ka2 35. Rfb3 Rxc4 36. Rxb2+ {newfisher resigns} 1-0

[Event "ICS Rated blitz match"]
[Site "207.99.83.227"]
[Date "1999.05.02"]
[Round "?"]
[White "newfisher"]
[Black "Hossa"]
[Result "1/2-1/2"]
[WhiteElo "2149"]
[BlackElo "2463"]
[PlyCount "68"]

1. d4 c5 2. e3 cxd4 3. exd4 e6 4. Nf3 Be7 5. Bd3 Nf6 6. O-O O-O 7. c3 Nc6 8.
Qe2 d5 9. Bg5 Qd6 10. Ne5 a5 11. Nd2 Bd7 12. Bf4 Qc7 13. Ng6 Qb6 14. Nxf8 Rxf8
15. Rab1 a4 16. Nf3 Bc8 17. Ne5 Kh8 18. Bg5 Qa5 19. Qc2 h6 20. Bxf6 Bxf6 21. f4
Kg8 22. Rf3 Kh8 23. a3 Kg8 24. Qe2 Qb6 25. Bc2 Qa7 26. Qd3 g6 27. Nxg6 fxg6 28.
Qxg6+ Bg7 29. Rh3 Rf6 30. Qe8+ Rf8 31. Qg6 Rf6 32. Qe8+ Rf8 33. Qg6 Rf6 34.
Qe8+ 34... Rf8 {Game drawn by repetition} 1/2-1/2

[Event "ICS rated blitz match"]
[Site "207.99.83.227"]
[Date "1999.05.02"]
[Round "?"]
[White "Hossa"]
[Black "Leonard"]
[Result "1-0"]
[WhiteElo "2452"]
[BlackElo "2207"]
[PlyCount "71"]

1. e4 e6 2. d4 d5 3. Nd2 dxe4 4. Nxe4 Nf6 5. Nxf6+ Qxf6 6. Nf3 h6 7. Bc4 Bd6 8.
O-O O-O 9. Be3 a6 10. Qd2 b5 11. Be2 Bb7 12. a4 b4 13. c4 bxc3 14. bxc3 Nd7 15.
Rab1 Bc6 16. a5 Rfd8 17. Rfe1 Nf8 18. Rb2 Ng6 19. c4 Nf4 20. Bxf4 Bxf4 21. Qc3
Rab8 22. Rxb8 Rxb8 23. g3 Bd6 24. Ne5 Bxe5 25. dxe5 Qf5 26. Qd4 Rb1 27. Qd8+
Kh7 28. Rxb1 Qxb1+ 29. Bf1 g6 30. Qxc7 Qe4 31. Qxf7+ Kh8 32. Qf6+ Kh7 33. f3
Qe3+ 34. Kg2 Qd2+ 35. Kh3 Qf2 36. Bd3 {Leonard resigns} 1-0

[Event "ICS rated blitz match"]
[Site "207.99.83.227"]
[Date "1999.05.02"]
[Round "?"]
[White "igor"]
[Black "Hossa"]
[Result "0-1"]
[WhiteElo "2480"]
[BlackElo "2457"]
[PlyCount "96"]

1. Nf3 Nf6 2. c4 Nc6 3. d4 e6 4. a3 Be7 5. Nc3 d5 6. Bg5 O-O 7. e3 Re8 8. Qc2
h6 9. Bxf6 Bxf6 10. cxd5 exd5 11. Be2 Be6 12. O-O Qd6 13. Rac1 Rad8 14. b4 Rd7
15. Na4 Rde7 16. Nc5 Nd8 17. Bd3 Bg4 18. Nd2 b6 19. Na4 c6 20. Nc3 Qd7 21. a4
Qe6 22. Nb3 Bg5 23. Rfe1 g6 24. Be2 Bf5 25. Bd3 Bxd3 26. Qxd3 Nb7 27. b5 Rc8
28. bxc6 Rxc6 29. g3 Nd6 30. Nb5 Nc4 31. Nd2 Nxd2 32. Qxd2 Rxc1 33. Rxc1 Qg4
34. Qc3 Qf3 35. Re1 Bf6 36. Qc1 Bg7 37. Qd1 Qf5 38. Qb1 Qg4 39. Qd1 Qe6 40. Qf3
Qc6 41. Rd1 a6 42. Na3 Qxa4 43. Rd3 Qc6 44. Qd1 Rc7 45. Kg2 Qe6 46. Qb3 Rc1 47.
Rc3 Qe4+ 48. Kh3 48... Rg1 {igor resigns} 0-1

[Event "ICS rated blitz match"]
[Site "207.99.83.227"]
[Date "1999.05.02"]
[Round "?"]
[White "Hossa"]
[Black "erwinlami"]
[Result "1-0"]
[WhiteElo "2480"]
[BlackElo "2446"]
[PlyCount "119"]

1. Nf3 Nf6 2. d4 d5 3. c4 c6 4. cxd5 cxd5 5. e3 Nc6 6. Bb5 Bd7 7. O-O e6 8. Bd2
Bd6 9. Nc3 O-O 10. Rc1 a6 11. Bd3 b5 12. a4 b4 13. Ne2 Ne4 14. Qc2 b3 15. Qxb3
Rb8 16. Qc2 Rc8 17. Bxe4 Nxd4 18. Bxh7+ Kh8 19. Nexd4 Rxc2 20. Bxc2 e5 21. Nf5
Bxf5 22. Bxf5 g6 23. Rc8 Qe7 24. Rxf8+ Qxf8 25. Bb1 Qh6 26. e4 Qf8 27. exd5 Qa8
28. Bd3 Qxd5 29. Bxa6 e4 30. Bc3+ Kh7 31. Nd4 Be5 32. Ne2 Bc7 33. Bb5 Qd6 34.
g3 Qc5 35. b4 Qd5 36. h4 Be5 37. Rb1 e3 38. Bxe5 Qxe5 39. Rf1 f5 40. fxe3 Qxe3+
41. Kh2 Qb3 42. Rf4 Kh6 43. Nd4 Qe3 44. Nf3 Qf2+ 45. Kh3 Qe3 46. Ng5 Qc1 47.
Kg2 Qd2+ 48. Kf3 Qc3+ 49. Kf2 Qd2+ 50. Be2 Qd5 51. a5 Qc6 52. b5 Qc5+ 53. Kg2
Qd5+ 54. Kf1 Qh1+ 55. Kf2 Qh2+ 56. Ke3 Qg1+ 57. Kd2 Qxg3 58. Rd4 Qxh4 59. Rxh4+
Kxg5 60. Ra4 {erwinlami resigns} 1-0

[Event "ICS rated blitz match"]
[Site "207.99.83.227"]
[Date "1999.05.02"]
[Round "?"]
[White "Hossa"]
[Black "matar"]
[Result "1-0"]
[WhiteElo "2499"]
[BlackElo "2211"]
[PlyCount "29"]

1. Nf3 c5 2. e4 e6 3. Nc3 Nc6 4. Bb5 Nd4 5. d3 a6 6. Ba4 Qa5 7. Bd2 b5 8. Nxb5
Qxa4 9. Nc7+ Kd8 10. Nxa8 Nxc2+ 11. Kf1 Bb7 12. Nb6 Qb5 13. Qxc2 Qxb6 14. Ne5
Nf6 15. Nxf7+ {matar resigns} 1-0

[Event "ICS rated blitz match"]
[Site "207.99.83.227"]
[Date "1999.05.02"]
[Round "?"]
[White "matar"]
[Black "Hossa"]
[Result "1-0"]
[WhiteElo "2204"]
[BlackElo "2504"]
[PlyCount "66"]

1. e4 c5 2. Nf3 e6 3. d4 cxd4 4. Nxd4 a6 5. Nc3 Qc7 6. Be2 Bb4 7. O-O Bxc3 8.
bxc3 Nf6 9. Bd3 Qxc3 10. Nb3 d6 11. f4 Nbd7 12. Ba3 Qc7 13. Qe2 b5 14. Kh1 Bb7
15. Rae1 O-O 16. e5 Ne8 17. Qh5 h6 18. Re3 Rd8 19. Rg3 Kh8 20. Bb4 Bd5 21. Ba5
Nb6 22. f5 dxe5 23. f6 Rg8 24. fxg7+ Rxg7 25. Qxh6+ Kg8 26. Qh7+ Kf8 27. Rxg7
Nxg7 28. Bb4+ Rd6 29. Qh8+ Ke7 30. Qxg7 Bxg2+ 31. Kxg2 Qc6+ 32. Kg3 Qe8 33. h4
33... Nc8 {Hossa resigns} 1-0

[Event "ICS rated blitz match"]
[Site "207.99.83.227"]
[Date "1999.05.02"]
[Round "?"]
[White "Hossa"]
[Black "matar"]
[Result "0-1"]
[WhiteElo "2477"]
[BlackElo "2225"]
[PlyCount "53"]

1. e4 c5 2. Nf3 e6 3. d4 cxd4 4. Nxd4 a6 5. Nc3 Qc7 6. Be2 Nf6 7. O-O Nc6 8.
Bg5 Nxd4 9. Qxd4 Bc5 10. Qd2 b5 11. Bxf6 gxf6 12. Qh6 Qe5 13. Qg7 Rf8 14. Qxh7
Bb7 15. Kh1 O-O-O 16. f4 Qc7 17. Bxb5 axb5 18. Nxb5 Qb6 19. c4 Rh8 20. Qxf7
Bxe4 21. Rf3 Rh7 22. Qxf6 Bxf3 23. gxf3 Rdh8 24. Qxh8+ Rxh8 25. Re1 Qc6 26. Rf1
Rh4 27. b3 {Hossa resigns} 0-1

[Event "ICS rated blitz match"]
[Site "207.99.83.227"]
[Date "1999.05.02"]
[Round "?"]
[White "matar"]
[Black "Hossa"]
[Result "0-1"]
[WhiteElo "2249"]
[BlackElo "2451"]
[PlyCount "42"]

1. e4 c5 2. Nf3 e6 3. d4 cxd4 4. Nxd4 a6 5. Nc3 Qc7 6. Be2 Nf6 7. O-O Nc6 8.
Be3 Bb4 9. Na4 Bd6 10. Nf3 Ng4 11. Bb6 Bxh2+ 12. Kh1 Qf4 13. Qc1 Qxe4 14. Nc3
Qf4 15. Qxf4 Bxf4 16. g3 Bb8 17. Ng5 Nf6 18. Kg2 Be5 19. Bf3 d5 20. Rfe1 Nd7
21. Be3 21... d4 {matar resigns} 0-1

[Event "ICS rated blitz match"]
[Site "207.99.83.227"]
[Date "1999.05.02"]
[Round "?"]
[White "Hossa"]
[Black "matar"]
[Result "1-0"]
[WhiteElo "2459"]
[BlackElo "2255"]
[PlyCount "35"]

1. Nf3 c5 2. e4 e6 3. Nc3 Nc6 4. Bb5 Nd4 5. d3 Qa5 6. Ba4 b5 7. Bb3 Nxb3 8.
cxb3 Bb7 9. O-O b4 10. Na4 Nf6 11. Bg5 Be7 12. e5 Nd5 13. Bxe7 Nxe7 14. Rc1 Rc8
15. Nd2 O-O 16. Nc4 Qa6 17. Nd6 Rc7 18. Nxc5 {matar resigns} 1-0